000 00328nam a22001457a 4500
008 221111b ||||| |||| 00| 0 eng d
020 _a9780201624601
041 _aeng
080 _a159.9
082 _a159.9 KAN
100 _a25
101 _aPSI
245 _aMODERN ELEMENTARY PARTICLE PHYSICS
_cKANE G
942 _2udc
_cBK
999 _c58859
_d58859